000
00218nam a22000857a 4500
008
220224b ||||| |||| 00| 0 eng d
100
_a
Hygrade Quality Products
245
_a
The Philatelic Color Guide
650
_a
Color Guide
999
_c
3340
_d
3340